01333 2200253 4500001002100000005001500021035002000036007000300056008004100059020002200100082000800122084001400130100002400144245004900168250002500217300004500242650001400287336002100301337003000322338002300352264003100375520065600406990001701062INLIS00000000150474820260428083433 a0010-0426000070ta260428 g 0 ind  a978-602-7825-43-7 a658 a658 BAD d0 aBadrudinePengarang1 aDasar-dasar manajemen /cDr. Badrudin, M.Ag. aCetakan kelima, 2020 axii, 324 halaman. :bilustrasi ;c24 cm. 4amanajemen 2rdacontentateks 2rdamediaatanpa perantara 2rdacarrieravolume aBandung :bAlfabeta,c2020 aBuku ini secara umum membahas kerangka kerja manajemen yang mencakup elemen-elemen penting berikut: Konsep Dasar: Menjelaskan manajemen sebagai ilmu, seni, dan profesi. Fungsi Manajemen: Mengulas siklus klasik seperti perencanaan (planning), pengorganisasian (organizing), pengarahan/penggerakan (actuating/directing), dan pengawasan (controlling). Unsur-Unsur Manajemen (6M): Pembahasan mengenai sumber daya yang dikelola, yaitu Man (Manusia), Money (Uang), Materials (Bahan), Machines (Mesin), Methods (Metode), dan Market (Pasar). Implementasi: Bagaimana teori-teori tersebut diaplikasikan dalam konteks bisnis dan organisasi nyata di Indonesia a2022/HD/0408